Señalización vial para zonas de dificultad en visibilidad de manejo y propuesta de diseño de señalización, tramo CA-01 Oriente, kilómetro 85+000 al 95+000 municipio San José Acatempa, Jutiapa, Guatemala / (Registro nro. 2369)
[ vista simple ]
| 000 -LEADER | |
|---|---|
| campo de control de longitud fija | 02592nam a22003737a 4500 |
| 001 - NÚMERO DE CONTROL | |
| campo de control | 42835 |
| 003 - IDENTIFICADOR DE NÚMERO DE CONTROL | |
| campo de control | gtgccic |
| 005 - FECHA Y HORA DE LA ÚLTIMA TRANSACCIÓN | |
| campo de control | 20251021143629.0 |
| 007 - CAMPO FIJO DE DESCRIPCIÓN FÍSICA--INFORMACIÓN GENERAL | |
| campo de control de longitud fija | ta |
| 008 - DATOS DE LONGITUD FIJA--INFORMACIÓN GENERAL | |
| campo de control de longitud fija | 251021b gt ||||| |||| 00| 0 spa d |
| 040 ## - FUENTE DE CATALOGACIÓN | |
| Centro catalogador/agencia de origen | gtgccic |
| Lengua de catalogación | spa |
| Centro/agencia transcriptor | gtgccic |
| Normas de descripción | rda |
| 084 ## - OTRO NÚMERO DE CLASIFICACIÓN | |
| Número de control del registro de autoridad o número normalizado | TPI-15-0072 |
| 100 10 - ENTRADA PRINCIPAL--NOMBRE DE PERSONA | |
| Nombre de persona | Hugo Estuardo Gálvez Villanueva |
| Fechas asociadas al nombre | Ingeniero Civil |
| Término indicativo de función/relación | autor |
| 245 10 - MENCIÓN DEL TÍTULO | |
| Título | Señalización vial para zonas de dificultad en visibilidad de manejo y propuesta de diseño de señalización, tramo CA-01 Oriente, kilómetro 85+000 al 95+000 municipio San José Acatempa, Jutiapa, Guatemala / |
| Mención de responsabilidad, etc. | Gálvez Villanueva, Hugo Estuardo |
| 264 #1 - PRODUCCIÓN, PUBLICACIÓN, DISTRIBUCIÓN, FABRICACIÓN Y COPYRIGHT | |
| Producción, publicación, distribución, fabricación y copyright | Guatemala, Guatemala : |
| Nombre del de productor, editor, distribuidor, fabricante | USAC, Facultad de Ingeniería ; |
| Fecha de producción, publicación, distribución, fabricación o copyright | 2015.- |
| 300 ## - DESCRIPCIÓN FÍSICA | |
| Extensión | xxvi, 106 p. : |
| Otras características físicas | il. ; |
| Dimensiones | 27 cm |
| 336 ## - TIPO DE CONTENIDO | |
| Fuente | rdacontenido |
| Término de tipo de contenido | Texto |
| Código de tipo de contenido | txt |
| 337 ## - TIPO DE MEDIO | |
| Fuente | rdamedio |
| Nombre/término del tipo de medio | sin mediación |
| Código del tipo de medio | n |
| 338 ## - TIPO DE SOPORTE | |
| Fuente | rdasoporte |
| Nombre/término del tipo de soporte | volumen |
| Código del tipo de soporte | nc |
| 502 ## - NOTA DE TESIS | |
| Nota de tesis | Tesis Postgrado |
| Tipo de título | MAESTRO EN INGENIERÍA VIAL |
| Nombre de la institución que otorga el título | USAC, Facultad de Ingeniería, Escuela de Postgrado |
| Año de obtención del título | 2015 |
| Identificador de la tesis | TPI-15-0072 |
| 504 ## - NOTA DE BIBLIOGRAFÍA, ETC. | |
| Nota de bibliografía, etc. Nota | Bibliografía pag. 105 |
| 505 ## - NOTA DE CONTENIDO CON FORMATO | |
| Título | 1. ASPECTOS NATURALES QUE INFLUYEN EN ZONAS DE DIFICULTAD EN VISIBILIDAD DE MANEJO |
| 505 ## - NOTA DE CONTENIDO CON FORMATO | |
| Título | 2. FACTORES DE SEGURIDAD VIAL |
| 505 ## - NOTA DE CONTENIDO CON FORMATO | |
| Título | 3. SEÑALIZACIÓN VIAL EN ZONAS DE DIFICULTAD EN VISIBILIDAD DE MANEJO |
| 505 ## - NOTA DE CONTENIDO CON FORMATO | |
| Título | 4. PRESENTACIÓN DE RESULTADOS |
| 505 ## - NOTA DE CONTENIDO CON FORMATO | |
| Título | 5. DISCUSIÓN DE RESULTADOS |
| 520 #3 - RESUMEN, ETC. | |
| Sumario, etc. | Las lesiones y muertes por accidentes viales en la actualidad se han incrementado considerablemente a nivel mundial y Guatemala, no es la excepción. Las causas son muy diversas, sin embargo, la tasa se puede reducir con la utilización de los recursos que ofrece la señalización vial tanto en el aspecto horizontal como en el vertical. En situaciones particulares y específicas, principalmente cuando exiten zonas de dificultad en visibilidad de manejo por presencia de niebla, la señalización vial viene siendo de mucha ayuda para los conductores ya que proporciona seguridad y comodidad en los tramos carreteros, con el objetivo de guardar la integridad y vida de los usuarios a través de la comunicación, ordenamiento y restricciones que manifiesta cada tipo de señal. La señalización vial debe identificarse y visualizarse en la vía en cualquier período del día y ante cualquier fenómeno natural. Para ello es necesario tener la mejor reflectividad posible tanto para la señalización horizontal como vertical. |
| 650 ## - PUNTO DE ACCESO ADICIONAL DE MATERIA--TÉRMINO DE MATERIA | |
| Término de materia o nombre geográfico como elemento de entrada | SEGURIDAD VIAL |
| 650 ## - PUNTO DE ACCESO ADICIONAL DE MATERIA--TÉRMINO DE MATERIA | |
| Término de materia o nombre geográfico como elemento de entrada | REDES VIALES |
| 650 ## - PUNTO DE ACCESO ADICIONAL DE MATERIA--TÉRMINO DE MATERIA | |
| Término de materia o nombre geográfico como elemento de entrada | VISIBILIDAD |
| 700 ## - ENTRADA AGREGADA--NOMBRE PERSONAL | |
| Nombre de persona | Ma. Ing. Pedro Baudilio Castro Aguirre |
| Término indicativo de función/relación | asesor |
| 942 ## - ELEMENTOS DE ENTRADA SECUNDARIOS (KOHA) | |
| Fuente de la clasificación o esquema de estantería | Clasificación Decimal Dewey |
| Tipo de ítem Koha | TESISPOSTGRADO |
| 945 ## - PROCESAMIENTO DE INFORMACIÓN LOCAL (OCLC) | |
| a | amlo |
| Estatus retirado | Estado de pérdida | Fuente de la clasificación o esquema de estantería | Estado de daño | No para préstamo | Biblioteca de origen | Biblioteca actual | Fecha de adquisición | Número de inventario | Total de préstamos | Signatura topográfica completa | Código de barras | Visto por última vez | Precio de reemplazo | Tipo de ítem Koha | Nota pública |
|---|---|---|---|---|---|---|---|---|---|---|---|---|---|---|---|
| Clasificación Decimal Dewey | CENTRO DE INFORMACIÓN A LA CONSTRUCCIÓN-CICON | CENTRO DE INFORMACIÓN A LA CONSTRUCCIÓN-CICON | 21/10/2025 | P20150072 | TPI-15-0072 | 201150072 | 21/10/2025 | 21/10/2025 | TESISPOSTGRADO | disponible |